00539nam a2200193 a 4500001001300000003000900013005001700022008004100039020002300080082001700103100002500120245006100145260003200206300000900238500003500247505001000282650002800292700002500320nice12345678IN_TiNIC20260116015103.0050524s1999 laha grp 000 0 urd  a969416X c20000a922.97bSID2 aSiddiqi, Iqbal Ahmed aAllama Mohammad Iqbalb Taqreeren, Tahreeren Aur Bayanat aLahorebIqbal Academyc1999 a352p aincludes index and biblioraphy2 aindex aIqbal Muhammad-Speeches1 aSiddiqi, Iqbal Ahmed